00000000nam##2200000za#4500
0019.619374
003CaOODSP
00520210929082758
007ta
008150406|2009||||xxc|||||     f|0| 0 eng|d
020 |a978-1-100-13139-9
040 |aCaOODSP|beng
043 |an-cn---
0861 |aFo143-3/2009-5E
1101 |aCanada. |bNatural Resources Canada. |bCanadian Forest Service.
24510|aHydrologic effects of mountain pine beetle infestation and salvage-harvesting operations / |c[by] John Rex and Stéphane Dubé.
260 |bNatural Resources Canada. |c2009.
300 |avi, 44p. : |bfigs., graphs, map, references, tables ; |c28 cm.
4901 |aMountain Pine Beetle working paper|v2009-05
500 |a"MPBI Project #8.26"
5203 |aThe mountain pine beetle (MPB) epidemic presents a new challenge to forest managers because of its large spatial extent and its unknown effect on both the ecological condition of British Columbia’s watersheds and the economic value of resources drawn from them. This project was developed to identify a set of risk indicators to predict watersheds that have higher potential for wet ground areas subsequent to the MPB infestation of lodgepole pine stands. This project addressed the following questions: Are there watersheds that are prone to losing summer ground? What biological and physical indicators best describe a watershed at risk of losing summer ground?
546 |a(Résumé en français.)
563 |aSpiral binding
590 |a10-24|b2010-06-18
7201 |aRex, John
7201 |aDubé, Stéphane
7760#|tHydrologic effects of mountain pine beetle infestation and salvage harvesting operations / |w(CaOODSP)9.566194
830#0|aMountain Pine Beetle working paper ;|v2009-05|w(CaOODSP)9.515301